| 000 | 00987nam a2200277 i 4500 | ||
|---|---|---|---|
| 001 | bg | ||
| 245 | 0 | 0 |
_aStosunki gospodarcze Unii Europejskiej : _bwybrane kierunki polityki wspólnotowej : praca zbiorowa / _cpod red. nauk. Mieczysława Dudka ; Uniwersytet Zielonogórski. |
| 260 |
_aZielona Góra : _bOficyna Wydawnicza UZ, _c2004. |
||
| 300 |
_a518 s. : _brys., tab., wykr. ; _c24 cm. |
||
| 500 | _aStreszcz. ang. przy rozdz. | ||
| 504 | _aBibliogr. przy rozdz. | ||
| 610 | 2 | 9 |
_aUnia Europejska _xa Polska _xgospodarka |
| 610 | 2 | 9 |
_aUnia Europejska _xgospodarka _xpolityka |
| 651 | 9 |
_aPolska _xa Unia Europejska _xgospodarka |
|
| 655 | _aPodręczniki | ||
| 700 | 1 |
_aDUDEK, Mieczysław. _eRed. |
|
| 710 | 0 | _aUniwersytet Zielonogórski | |
| 015 | _aPB 23637/2004 | ||
| 020 | _a8389712040 | ||
| 040 | _cBPK | ||
| 041 | 0 |
_apol _beng |
|
| 080 | _a339.923(4-67):338.22(438)]"1989/..."(07) | ||
| 920 | _a83-89712-04-0 | ||
| 942 | _cKS | ||
| 008 | s pl f |000 0 pol | ||
| 999 |
_c46439 _d46439 |
||
| 856 |
_uhttp://koha.tu.koszalin.pl/cgi-bin/koha/opac-detail.pl?biblionumber=46439 _yKatalog online BPK |
||